00617 2200205 4500001002100000005001700021008004100038035002400079040001200103082001400115090001900129245008300148260008000231300001900311700001500330700002700345850001200372990001300384990001400397YOGYA-0209000005265320090227033010.0 ind  0010-020900000052653 aYOPDYOG a899.22181 a899.22181bJak aJaka SumarandacAlih Bahasa R. Soeparmo; alih Aksara Sudibjo dan Hadi Sutjipto aJakartabDepdikbud Proyek Penerbitan Buku Sastra Indonesia dan Daerahc1981 a352 hlmc21 cm aSuparmo, R aHadisucipto, Sudibyo Z aYOPDYOG a61061 -a a61062 - a